000 00710nam a2200181 4500
001 137088
003 ES-MaACL
005 20230906195316.0
007 t|
008 070214s1908 sp r ||||1| spa d
100 1 _aSalas Luque, Carlos.
_9101764
245 1 0 _aSistemas penitenciarios y bases para uno aceptable
_b: memoria presentada para el grado de Doctor en Derecho /
_cpor Carlos Salas Luque.
260 _aMontilla :
_b[s. n.],
_c1908 (
_fEst. Tip. La Montillana)
300 _a176 h. ;
_c17 cm.
500 _aTesis doctoral, presentada en la Universidad de Madrid, Facultad de Derecho, 1907.
710 2 _aUniversidad Central (Madrid).
_bFacultad de Derecho.
_97090
852 _aES-MaACL
_jT-1124-F-1
999 _c137088
_d137088